Co to za logo? #4 (Kluby piłkarskie) - Statystyki

Ogólne statystyki
  • Ten quiz został rozwiązany 171 razy
  • Średni wynik to 13 z 16
Statystyki odpowiedzi
Obrazkowy Odpowiedź % Poprawnych
Borussia Dortmund
100%
AC Milan
94%
S.L. Benfica
90%
Dynamo Kijów
86%
Olympiakos
84%
Real Sociedad
84%
Dinamo Zagrzeb
83%
Lille OSC
82%
Santos FC
82%
Olympique Marsylia
79%
Szachtar Donieck
75%
Zenit Petersburg
73%
Basel
67%
CA River Plate
62%
APOEL
61%
Sao Paulo
51%
Nie znaleziono quizów pasujących do podanych kryteriów
Rozkład punktacji
Procent ludzi z każdym wynikiem
Percentyl według liczby udzielonych odpowiedzi
Twoja historia wyników
Nie rozwiązałeś tego quizu